Wspólnoty autonomiczne Hiszpanii - Nagła Śmierć - Statystyki

Ogólne statystyki
  • Ten quiz został rozwiązany 106 razy
  • Średni wynik to 7 z 17
Answers on the Grid
Answers color-coded by a green-red scale on the quiz's grid according to % correct below.
Andaluzja
Aragonia
Asturia
Baleary
Estremadura
Galicja
Kantabria
Kastylia-La Mancha
Kastylia i León
Katalonia
Kraj Basków
La Rioja
Madryt
Murcja
Nawarra
Walencja
Wyspy Kanaryjskie
Ceuta i Melilla
Normandia
Isla de Espana
Goias
Sewilla
Liguria
Hispaniola
Korsyka
Oksytania
Kordoba
Majorka
Akwamaria
Teneryfa
 
Statystyki odpowiedzi
Odpowiedź % Poprawnych
Andaluzja
58%
Katalonia
58%
Kraj Basków
54%
Wyspy Kanaryjskie
54%
Kastylia i León
46%
Asturia
42%
Baleary
42%
Galicja
42%
Kastylia-La Mancha
42%
Walencja
42%
Aragonia
38%
Madryt
38%
Estremadura
31%
Kantabria
31%
Murcja
31%
Nawarra
31%
La Rioja
23%
Nie znaleziono quizów pasujących do podanych kryteriów
Rozkład punktacji
Procent ludzi z każdym wynikiem
Percentyl według liczby udzielonych odpowiedzi
Twoja historia wyników
Nie rozwiązałeś tego quizu